000 00449nam a2200169 i 4500
001 bg
100 1 _aFURRER, Willi
245 0 _aRaum- und bauakustik Lärmabwehr /
_cvon Willi Furrer, Anselm Lauber.
260 _aBasel :
_bBirkhäuser Verl,
_c1972.
300 _as. 282 :
_brys., ilustr., tab.
700 1 _aLAUBER, Anselm
040 _cBPK
041 _apol
080 _a534.8:69
942 _cKS
008 s pl f |000 0 pol
999 _c25960
_d25960
856 _uhttp://koha.tu.koszalin.pl/cgi-bin/koha/opac-detail.pl?biblionumber=25960
_yKatalog online BPK